000 00278nam a22001337a 4500
008 170817b xxu||||| |||| 00| 0 eng d
020 _a3540107436
041 _ager
080 _a51
100 _a51
101 _aMAT
245 _aALGORITHMEN
_cHOROTIWZ,E
942 _2udc
_cBK
999 _c23930
_d23930